000 00665nam a2200277Ia 4500
005 20260324140628.0
008 008 260324s9999 xx 000 0 eng d
020 _a9780203003800
037 _aEBOOK
040 _aCRL
040 _beng
040 _cCRL
041 _2eng
041 _aeng
084 _qCRL
100 _aAntonio Almodovar; Jose Luis Cardoso
_91205133
245 2 _aA History of Portuguese Economic Thought
260 _bTaylor and Francis
260 _c1998
365 _a
365 _b300
856 _uhttp://www.taylorfrancis.com/books/9780203003800
942 _cEBOOK
999 _c1807390
_d1807390